Online
Catalog

Guía de la educación ambiental : (Record no. 38268)

MARC details
000 -CABECERA
campo de control de longitud fija 00575nam a2200169 a 4500
001 - NÚMERO DE CONTROL
campo de control 000038778
005 - FECHA Y HORA DE LA ÚLTIMA TRANSACCIÓN
campo de control 20201002031352.0
008 - DATOS DE LONGITUD FIJA--INFORMACIÓN GENERAL
campo de control de longitud fija 130422s1990 spa 000 0 spa d
020 ## - NÚMERO INTERNACIONAL ESTÁNDAR DEL LIBRO
Número Internacional Estándar del Libro 8476582137
040 ## - FUENTE DE LA CATALOGACIÓN
Centro catalogador/agencia de origen DO-SdBNP
Lengua de catalogación spa
Centro/agencia transcriptor BNPHU
100 1# - ENTRADA PRINCIPAL--NOMBRE DE PERSONA
Nombre de persona Sureda, Jaume
9 (RLIN) 65082
245 10 - MENCIÓN DE TÍTULO
Título Guía de la educación ambiental :
Resto del título fuentes documentales y conceptos básicos /
Mención de responsabilidad, etc. Jaume Sureda.
260 ## - PUBLICACIÓN, DISTRIBUCIÓN, ETC.
Lugar de publicación, distribución, etc. Barcelona :
Nombre del editor, distribuidor, etc. Anthropos ,
Fecha de publicación, distribución, etc. 1990.
300 ## - DESCRIPCIÓN FÍSICA
Extensión 271 p. : ;
Dimensiones 20 cm.
490 1# - MENCIÓN DE SERIE
Mención de serie Autores, textos y temas /Psicología
Designación de volumen o secuencia 12
830 #0 - PUNTO DE ACCESO ADICIONAL DE SERIE-TÍTULO UNIFORME
Título uniforme Autores, textos y temas /Psicología
Número de parte o sección de la obra 12
9 (RLIN) 65083
Holdings
Estado de retiro Estado de pérdida Restricciones de uso No para préstamo Código de colección Localización permanente Ubicación/localización actual Ubicación en estantería Fecha de adquisición Número de inventario Total de préstamos Signatura topográfica completa Código de barras Fecha visto por última vez Precio válido a partir de Tipo de ítem Koha
        Monografías: Libros y Folletos General General Orden iniciada 22.04.2013 LF1   38778-10 25.06.2020 25.06.2020 No se presta

Powered by Koha